Konkurencieschopnosť krajín V4 po vstupe do Európskej únie bakalárska práca

Uložené v:
Podrobná bibliografia
Hlavný autor: Miklošová, Andrea
Korporativný autor: Obchodná fakulta EU. Katedra medzinárodného obchodu
Ďalší autori: Malík, Marek
Médium: Kniha
Jazyk:Slovak
Vydavateľské údaje: Bratislava 2009
Tagy: Pridať tag
Žiadne tagy, Buďte prvý, kto otaguje tento záznam!

MARC

LEADER 00000nam$a2200000$$$4500
001 0103608
005 20240318133703.7
041 0 |a slo 
044 |a SK 
245 1 0 |a Konkurencieschopnosť krajín V4 po vstupe do Európskej únie  |b bakalárska práca  |c Andrea Miklošová ; škol. Marek Malík 
264 1 |a Bratislava  |c 2009 
300 |a 67 s. 
100 1 |a Miklošová, Andrea 
700 1 |a Malík, Marek 
710 2 |a Obchodná fakulta EU. Katedra medzinárodného obchodu